| 000 | 01149nam a2200325 i 4500 | ||
|---|---|---|---|
| 001 | bg | ||
| 100 | 1 | _aDENNING, Dorothy E. | |
| 245 | 1 | 0 |
_aWojna informacyjna i bezpieczeństwo informacji / _cDorothy E. Denning ; z ang. przeł. Janina Bloch. |
| 246 |
_iTyt. oryg.: _aInformation warfare and security |
||
| 260 |
_aWarszawa : _bWydawnictwa Naukowo-Techniczne, _c2002. |
||
| 300 |
_aXVIII, 561 s. ; _c24 cm. |
||
| 490 | 1 | _aTAO Tajemnica - Atak - Obrona | |
| 500 | _aTyt. oryg.: "Information warfare and security". | ||
| 504 | _aBibliogr. - Indeks. | ||
| 650 | 9 | _aWojna informacyjna | |
| 650 | 9 |
_aInformacja _xochrona |
|
| 650 | 9 |
_aSieć komputerowa _xochrona |
|
| 650 | 9 |
_aSystemy informatyczne _xochrona |
|
| 650 | 9 |
_aSzyfry _xstosowanie |
|
| 650 | 9 | _aPrzestępstwo komputerowe | |
| 830 | _aTAO Tajemnica - Atak - Obrona | ||
| 020 | _a8320426871 | ||
| 040 | _cBPK | ||
| 041 | 1 |
_apl _hen |
|
| 080 | _a004.056:003.26:343.3+343.53:327.8 | ||
| 920 | _a83-204-2687-1 | ||
| 942 | _cKS | ||
| 008 | s pl f |000 0 pol | ||
| 999 |
_c41093 _d41093 |
||
| 856 |
_uhttp://koha.tu.koszalin.pl/cgi-bin/koha/opac-detail.pl?biblionumber=41093 _yKatalog online BPK |
||